Bob Odenkirk Filmography - Statistics

General Stats
  • This quiz has been taken 97 times
    19 since last reset
  • The average score is 11 of 156
Answer Stats
Type Year Name % Correct
TV Show 2015-2022 Better Call Saul
94%
TV Show 2009-2013 Breaking Bad
94%
Film 2021 Nobody
75%
Film 2025 Nobody 2
75%
Film 2018 Incredibles 2
56%
TV Show 1995-1998 Mr. Show with Bob and David
38%
TV Show 1987-1995 Saturday Night Live
38%
TV Show 1996 Seinfeld
38%
TV Show 2013 The Office
38%
Film 2003 Melvin Goes to Dinner
31%
Theater 2025 Glengarry Glen Ross
25%
Film 2019 Little Women
25%
Film 2017 The Post
25%
TV Show 2008-2012 How I Met Your Mother
19%
Film 2013 Nebraska
19%
Film 2002 Run Ronnie Run!
19%
Film 1996 The Cable Guy
19%
TV Show 2019 The Simpsons
19%
Film 2013 The Spectacular Now
19%
Film 1993 Wayne's World 2
19%
TV Show 2009-2012 American Dad!
13%
Film 1999 Can't Stop Dancing
13%
Film 1994 Clean Slate
13%
Film 1997 Hacks
13%
Film 2006 Let's Go to Prison
13%
Film 2001 Monkeybone
13%
Web Series 2023 The Bear
13%
TV Show 1992-1995 The Ben Stiller Show
13%
Film 2000 The Independent
13%
Film 1996 The Truth About Cats & Dogs
13%
Film 1997 Waiting for Guffman
13%
TV Show 2004 Aqua Teen Hunger Force
6%
TV Show 2003 Arrested Development
6%
Film 2013 Ass Backwards
6%
Documentary 2010 Blood into Wine
6%
TV Show 1987, 1988 Cableville, USA
6%
Film 2005 Cake Boy
6%
TV Show 2000 Curb Your Enthusiasm
6%
Film 2013 Dealin' with Idiots
6%
TV Show 1997, 2001 Everybody Loves Raymond
6%
TV Show 2014 Fargo
6%
TV Show 2003 Futurama
6%
Film 2017 Girlfriend's Day
6%
Film 2021 Halloween Kills
6%
Web Series 2021 I Think You Should Leave with Tim Robinson
6%
TV Show 1993-1994 Late Night with Conan O'Brien
6%
Video Game 2018 LEGO The Incredibles
6%
Film 2019 Long Shot
6%
TV Show 2023 Lucky Hank
6%
Film 2013 Movie 43
6%
Film 2005 My Big Fat Independent Movie
6%
TV Pilot 2002 Next!
6%
Film TBA Normal
6%
Film 2010 Operation: Endgame
6%
Film 2006 Relative Strangers
6%
Film 2011 Son of Morning
6%
Documentary 2007 Super High Me
6%
Film 2011 Take Me Home Tonight
6%
Film 2007 The Brothers Solomon
6%
Film 2017 The Disaster Artist
6%
Film 2012 The Giant Mechanical Man
6%
Web Series 2019 The Kominsky Method
6%
Film 2022 The People's Joker
6%
TV Show 2007-2010 Tim and Eric Awesome Show, Great Job!
6%
Film 2012 Tim and Eric's Billion Dollar Movie
6%
Web Series 2019-2022 Undone
6%
Web Series 2015 W/ Bob & David
6%
TV Show 1999 3rd Rock from the Sun
0%
Film 2012 A Belly Full of Anger
0%
TV Show 2009 American Contestant with Bob Odenkirk
0%
Web Mini-Series 2020 Better Call Saul: Ethics Training with Kim Wexler
0%
TV Show 2012 Bob's Burgers
0%
Film 2014 Boulevard
0%
Documentary 2023 Brick by Brick: The Story of Wrigley Field
0%
Director 2010 Built to Spill
0%
Web Series 2021-2022 Chicago Party Aunt
0%
TV Show 2012-2016 Comedy Bang! Bang!
0%
TV Show 2020 Corporate
0%
TV Show 2005 Crank Yankers
0%
Creator 2008 David's Situation
0%
Short Film 2016 Dennis
0%
Web Series 2007 Derek and Simon
0%
Film 2019 Dolemite Is My Name
0%
TV Show 1996 Dr. Katz, Professional Therapist
0%
TV Show 2013, 2016, 2018 Drunk History
0%
TV Show 2001 Ed
0%
TV Show 2010 Entourage
0%
Documentary Series 2024 Finding Your Roots with Henry Louis Gates, Jr.
0%
Theater 1990 Flag Burning Permitted in Lobby Only
0%
Short Film 2011 Flight of the Griffin
0%
TV Show 2006 Freak Show
0%
Film 2015 Freaks of Nature
0%
TV Show 2010 Funny or Die Presents
0%
Writer 1991-1992 Get a Life
0%
Web Series 2013 Ghost Ghirls
0%
TV Show 2009 Glenn Martin, DDS
0%
Theater 1988 Happy Happy Good Show
0%
Film 2015 Hell and Back
0%
Director 2003 Highway to Oblivion
0%
Documentary 2015 I Am Chris Farley
0%
TV Show 2004 Joey
0%
TV Show 2011 Jon Benjamin Has a Van
0%
TV Show 1999 Just Shoot Me!
0%
TV Show 2013 Late Night with Jimmy Fallon
0%
TV Show 2003 Less than Perfect
0%
TV Pilot 2011 Let's Do This!
0%
Creator 1994 Life on Mars
0%
Film 2023 Life Upside Down
0%
TV Special 2008 Mike Birbiglia's Secret Public Journal
0%
Commercial 2004 Miller Beer
0%
TV Show 2021 Mom
0%
TV Show 2010 Morning Prayer with Skott and Behr
0%
TV Short 1998 Mr. Show and the Incredible, Fantastical News Report
0%
Short Film 2004 Nerd Hunter 3004
0%
TV Show 1997, 1998 NewsRadio
0%
Web Series 2017-2018, 2021 No Activity
0%
TV Show 2017 Nobodies
0%
TV Show 2012 NTSF:SD:SUV::
0%
TV Show 1993 Roseanne
0%
TV Show 2009 Rules of Engagement
0%
TV Show 2000, 2021 Sammy
0%
Commercial 2013 Samsung
0%
Theater 1989 Show-Acting Guy
0%
TV Pilot 2003 Slice o' Life
0%
TV Show 1997 Space Ghost Coast to Coast
0%
Web Series 2023 Storyline Online
0%
Podcast 2022 Summer in Argyle
0%
TV Show 2016-2022 Talking Saul
0%
TV Pilot 2010 Team Spitz
0%
Creator 1997-2000 Tenacious D
0%
TV Show 2001 The Andy Dick Show
0%
Short Film 2010 The Big Dog
0%
TV Pilot 2003 The Big Wide World of Carl Laemke
0%
TV Show 2013-2014 The Birthday Boys
0%
TV Show 1996 The Dana Carvey Show
0%
Writer 1992 The Dennis Miller Show
0%
TV Show 2009 The Goode Family
0%
TV Show 1993 The Jackie Thomas Show
0%
TV Show 1993-1998 The Larry Sanders Show
0%
TV Show 2012 The League
0%
TV Show 2010 The Life & Times of Tim
0%
Creator 2000 The Near Future
0%
Film 2007 The Red Sandwich Christmas Hour
0%
Film TBA The Room Returns!
0%
TV Show 2007 The Sarah Silverman Program
0%
TV Special 2010 Tim and Eric Awesome Show, Great Job! Chrimbus Special
0%
Podcast 2006 Tim and Eric: The Podcast
0%
TV Show 2014 Tim & Eric's Bedtime Stories
0%
TV Show 1994 Tom
0%
TV Show 2004-2006 Tom Goes to the Mayor
0%
TV Show 2014 TripTank
0%
TV Show 2001 TV Funhouse
0%
TV Show 2008 Weeds
0%
Short Film 2024 Wünsch mir Glück
0%
Short Film 2017 Wyrm
0%
Music Video 1997 Yo La Tengo
0%
No matching quizzes found
Score Distribution
Percent of People with Each Score
Percentile by Number Answered
Your Score History
You have not taken this quiz since the last reset